000 00698nam a2200181 i 4500
001 180935
003 ES-MaACL
005 20230906221225.0
008 120831s1991 sp |||| | spa d
100 1 _aMartínez Pastor, Manuel.
_9151381
245 1 0 _aCartas desde la Manga /
_cManuel Martínez Pastor y Eugenio Martínez Pastor.
260 _aCartagena :
_bAgua,
_c1991.
300 _a22 p. :
_bil. ;
_c24 cm.
505 8 _aContiene: Cartas desde la Manga (I) / por Manuel Martínez Pastor y Cartas desde la Manga (II) / por Eugenio Martínez Pastor
651 4 _aURSS-
_xSituación social-
_y1945-1989.
_9144379
700 0 _aMartínez Pastor, Eugenio.
_978311
852 _aES-MaACL
_j2318-F-18
999 _c180935
_d180935